[Event "Stay Safe Play From Home 317"]
[Site "Emanuel Lasker Arena"]
[Date "2020.07.20"]
[Round "2"]
[White "Mepe_Nika"]
[Black "Bardellosport"]
[Result "1-0"]
[WhiteElo "2378"]
[BlackElo "2080"]
[Annotator "TA"]
[PlyCount "79"]
[EventDate "2020.07.20"]
[EventType "swiss (blitz)"]

{[%evp 9,79,43,70,-16,121,11,83,77,109,118,110,59,303,73,188,52,382,0,202,171,184,43,43,48,54,65,86,-8,4,-42,0,0,0,0,16,22,49,48,116,18,118,23,27,26,136,31,43,0,0,0,0,0,0,-40,0,0,0,0,85,76,223,214,659,656,29977,12175,29985,29986,29986,29987,29986,29987]} 1. g3 d5 2. Bg2 c6 3. d3 e6 4. Nc3 f5 5. e4 Nf6 {[#]} 6. Nge2 $146 {A00: Irregular Openings.} (6. e5 $14 Nfd7 7. f4) ({Predecessor:} 6. exf5 exf5 7. Nf3 Bd6 8. O-O O-O 9. Ne2 Be6 10. Ned4 Qc8 11. Nxe6 Qxe6 12. Re1 {1-0 (42) Emmerich,D-Schlapp,T Doernigheim 1994}) 6... Bc5 (6... dxe4 $11 7. dxe4 Qxd1+ 8. Nxd1 Nxe4) 7. O-O (7. e5 $16 Nfd7 8. d4) 7... O-O (7... dxe4 $11 8. dxe4 Qxd1 9. Rxd1 fxe4) 8. e5 $16 {White is better.} Nfd7 9. d4 Be7 10. h3 ({White should play} 10. Nf4 $16 Nb6 11. a4) 10... b6 $2 (10... c5 $14) 11. Kh2 $2 (11. Nf4 $18 {is the precise move to win.} Nxe5 12. dxe5) 11... Bb7 (11... Na6 $16 {was called for.}) 12. Be3 (12. Nf4 $1 $18) 12... c5 $2 {[%mdl 8192]} (12... Rf7 $14) 13. f4 $2 (13. Nf4 $18) 13... cxd4 $2 (13... Nc6 $11 {and Black has nothing to worry.}) 14. Nxd4 $18 Nc5 15. Nce2 ({Only move:} 15. b4 $18 Ne4 16. Nxe4 (16. Nxe6 Nxc3 17. Qd3 Qc8 $11) 16... dxe4 17. Nxe6 Qxd1 18. Rfxd1 (18. Raxd1 Rc8 $18)) 15... Qd7 $14 16. c3 Ne4 17. Bxe4 fxe4 18. g4 (18. f5 $1 $16) 18... Bc5 19. Qe1 (19. b4 $5 {[%cal Rb4c5]} Bxd4 20. Nxd4 $11) 19... Bxd4 (19... Nc6 $15) 20. Nxd4 $11 ({Of course not} 20. Bxd4 Nc6 $17) 20... Nc6 21. Qg3 Nxd4 22. Bxd4 Bc6 23. Rf2 (23. f5 $5) 23... Rf7 {[#]} (23... g6 $14) 24. Rg1 ({Better is} 24. f5 $1 $16 {[%mdl 512]}) 24... Raf8 {[#]} (24... g6 $1 $11) 25. h4 (25. f5 $1 $16 {[%mdl 512]}) 25... g6 $1 26. h5 gxh5 (26... Rg7 $11 {remains equal.}) 27. gxh5+ (27. f5 $1 $16) 27... Rg7 $14 28. Qxg7+ (28. Qh3 {with more complications.} Rxg1 29. Kxg1 Rf7 30. h6 Kf8 31. Be3) 28... Qxg7 29. Rxg7+ Kxg7 {[%mdl 4096] Endgame KRB-KRB} 30. Rg2+ Kf7 31. h6 Ke7 32. Rg7+ Rf7 33. Rg8 Kd7 (33... Rxf4 $11 34. Kg3 Rf3+ 35. Kg4 Rf8 36. Rg7+ Rf7) 34. Kg3 $16 Kc7 (34... Bb5 $16) 35. Rg7 $18 Rd7 $2 {[#]} (35... Be8 36. f5 Kd7) 36. f5 $1 {[%mdl 512]} exf5 37. e6 b5 38. exd7 {White mates.} Bxd7 39. Rxh7 Kd6 {[#]} 40. Rxd7+ $1 {[%mdl 64] Double Attack. Accuracy: White = 39%, Black = 24%.} 1-0

[Event "Stay Safe Play From Home 317"]
[Site "Emanuel Lasker Arena"]
[Date "2020.07.20"]
[Round "2"]
[White "SoulofWolf"]
[Black "Tran Minh Thang"]
[Result "0-1"]
[WhiteElo "2161"]
[BlackElo "2487"]
[Annotator "TA"]
[PlyCount "78"]
[EventDate "2020.07.20"]
[EventType "swiss (blitz)"]

{[%evp 11,78,13,33,7,0,0,19,-4,7,-102,-113,-87,-105,-138,-137,-189,-189,-184,-141,-160,-161,-155,-150,-179,-155,-266,-262,-248,-190,-250,-239,-290,-253,-257,-232,-250,-223,-292,-300,-285,-277,-335,-341,-354,-345,-330,-304,-297,-290,-332,-325,-400,-418,-416,-400,-436,-368,-582,-562,-622,-623,-2370,-727,-1484,-1484,-1764,-2314,-29961,-29959]} 1. d4 Nf6 2. Nf3 g6 3. c4 Bg7 4. g3 d5 5. Bg2 dxc4 6. O-O O-O 7. Qa4 {D77: Fianchetto Grünfeld: 6 0-0: Replies other than 6...c6.} Nd5 8. Qxc4 Nb6 9. Qd3 {The position is equal.} Nc6 {[%cal Rc6d4] [#]} 10. a3 $146 (10. Rd1 $11) ({Predecessor:} 10. Rd1 Bf5 11. e4 Bg4 12. d5 Ne5 13. Qb3 Qc8 14. Bf4 Nxf3+ 15. Bxf3 Bxf3 16. Qxf3 Bxb2 {0-1 (53) Fridman,D (2594)-Shipov,S (2593) playchess.com INT 2004}) 10... Nxd4 $17 11. Nxd4 Qxd4 ({Weaker is} 11... Bxd4 12. Rd1 $16) 12. Qb3 Be6 $36 {[%mdl 2048] Keeping White busy.} 13. Qb5 (13. Qc2 $17 {was worth a try.}) 13... c6 $19 14. Qg5 Bd5 15. e3 Qf6 16. Qxf6 Bxf6 17. e4 Bb3 18. f4 (18. Nd2 $17 Bc2 19. Re1) 18... Bd4+ 19. Kh1 Nc4 20. Nc3 (20. Nd2 $142 Nxd2 21. Bxd2) 20... Rfd8 21. h3 Rac8 22. Kh2 b5 23. Re1 a6 24. Re2 c5 25. Nd5 Kf8 26. h4 e6 27. Ne3 Bxe3 28. Bxe3 Nxe3 29. Rxe3 c4 30. Re2 Rd3 31. Rae1 c3 32. bxc3 Rcxc3 33. g4 Bc4 34. Ra1 (34. f5 $142) 34... Rxa3 35. Rxa3 Rxa3 36. f5 Ra2 (36... Bxe2 $142 37. g5 b4) 37. Rxa2 Bxa2 38. fxg6 fxg6 39. e5 Bd5 {White got outplayed after the opening. Accuracy: White = 25%, Black = 72%.} 0-1

[Event "Stay Safe Play From Home 317"]
[Site "Emanuel Lasker Arena"]
[Date "2020.07.20"]
[Round "2"]
[White "TheCHESSHOUSE"]
[Black "Buzaglo"]
[Result "1-0"]
[WhiteElo "2069"]
[BlackElo "1899"]
[Annotator "TA"]
[PlyCount "109"]
[EventDate "2020.07.20"]
[EventType "swiss (blitz)"]

{[%evp 17,108,13,37,0,0,-53,-24,-12,60,75,64,57,102,100,91,98,162,85,149,96,243,226,243,243,247,256,246,247,291,289,342,311,568,565,545,526,479,272,385,101,101,87,88,88,107,88,95,95,123,118,140,112,153,109,108,108,108,108,108,108,160,160,160,160,160,90,160,160,176,139,184,162,210,-21,161,59,56,56,56,63,89,76,109,92,92,43,3836,2684,29992,29978,29978,29967,29999]} 1. d4 e6 2. c4 d5 3. cxd5 Nf6 4. Nc3 exd5 5. g3 c6 6. Bg2 Bb4 7. Nf3 Bxc3+ 8. bxc3 O-O 9. O-O Nbd7 {[#]} 10. Ba3 $146 {E20: Nimzo-Indian: 4 g3 and 4 f3.} ({Predecessor:} 10. Qd3 Re8 11. Nd2 Nb6 12. a4 a5 13. Ba3 Nxa4 14. e4 dxe4 15. Nxe4 Nxe4 16. Bxe4 Nxc3 17. Bxh7+ Kh8 18. Qxc3 Kxh7 {½-½ (74) Poecksteiner,J (2155)-Schachinger,M (2394) Playchess.com INT 2020}) 10... Re8 11. e3 (11. Nd2 $11) 11... Nb6 12. Nd2 {Black has an edge.} Nc4 (12... Ne4 $11) 13. Nxc4 $14 dxc4 14. Qe2 Nd5 15. Qxc4 Be6 {[#] aiming for ...Nxe3!} 16. Qd3 $36 {[%mdl 2048] White is in control.} b5 (16... Qa5 $16 {is a better defense.}) 17. Rab1 (17. Rfc1 $18) 17... a5 (17... Qd7 $142) 18. Rfc1 (18. Bc5 $142) 18... b4 (18... Qd7 $16) 19. cxb4 $18 axb4 20. Bxb4 Nxb4 21. Rxb4 Rxa2 22. Bxc6 Rf8 23. d5 Bd7 24. Rd4 Bxc6 $2 {[#]} (24... Bc8 {might work better.} 25. Qb3 Ra7) 25. dxc6 Qf6 26. Rf4 Qb2 27. Rf1 (27. Qd1 $142) 27... Qc2 (27... Qd2 $142 28. Qxd2 Rxd2) 28. Qxc2 $2 (28. Qd5 $18 {and White stays clearly on top.}) 28... Rxc2 {[%mdl 4096] Endgame KRR-KRR} 29. h4 Rxc6 30. Rd1 h6 31. Rd7 Rc1+ 32. Kg2 Rc2 33. h5 Rb2 34. Ra7 Rb6 35. e4 Re6 36. f3 Re5 37. g4 Rc5 38. Kg3 Rc1 (38... f6 $142 39. Ra3 Rb8) 39. Rf5 $16 Rg1+ 40. Kf4 Rc1 41. Rb5 (41. Ke3 $142) 41... Rc4 (41... g5+ $142 42. Ke3 Rfc8) 42. Rbb7 Rc5 43. Rc7 Rb5 44. Re7 Rc5 45. Re5 $2 ({Better is} 45. e5 $18) 45... Rc6 $2 (45... g5+ $1 $11 46. Kf5 Rc3) 46. g5 ({White should try} 46. Kg3 $18) 46... hxg5+ $14 47. Rxg5 Rf6+ 48. Kg4 Rh6 49. f4 Rd6 50. e5 Rd1 51. Kf5 Rd5 $2 {[%mdl 8192]} (51... Rh1 $14) 52. h6 $1 $18 Kh7 53. Rxg7+ {White mates.} Kxh6 54. Rgxf7 Rg8 55. Rh7# {Accuracy: White = 57%, Black = 39%.} 1-0

[Event "Stay Safe Play From Home 317"]
[Site "Emanuel Lasker Arena"]
[Date "2020.07.20"]
[Round "2"]
[White "Haxhi Baha"]
[Black "Little champs"]
[Result "1-0"]
[WhiteElo "2016"]
[BlackElo "2369"]
[Annotator "TA"]
[PlyCount "105"]
[EventDate "2020.07.20"]
[EventType "swiss (blitz)"]

{[%evp 11,104,15,25,25,18,13,39,39,45,44,121,37,36,-36,-42,-59,6,-85,137,149,364,384,365,346,797,466,449,354,427,425,470,461,414,381,360,285,361,318,381,305,471,470,475,392,392,384,355,310,318,306,291,231,1274,1119,29971,29974,29974,29975,29968,29967,29986,29987,29993,29987,29987,29988,29989,29990,29990,29990,29990,29991,29991,29992,29994,29995,29996,29997,29997,29997,29997,29997,29997,29995,29996,29996,29996,29997,29997,29997,29997,29998,29998,29999,29999]} 1. e4 e6 2. Nf3 d5 3. exd5 exd5 4. d4 Nf6 5. Bd3 Be7 6. O-O O-O 7. Re1 {C01: French: Exchange Variation.} c5 8. c3 b6 9. Bf4 {[#] White is slightly better.} Nc6 $146 ({Predecessor:} 9... Bg4 10. Nbd2 c4 11. Bc2 b5 12. h3 Bh5 13. g4 Bg6 14. Ne5 Bxc2 15. Qxc2 Ne8 {0-1 (43) Engelbert,C (2270)-Putzbach,G (2275) Hamburg 1993}) 10. Ne5 Bb7 {[#]} ({Better is} 10... Nxe5 $14 11. Bxe5 Bg4) 11. Nd2 (11. Ba6 $1 $16 {[%cal Ra6b7][%mdl 512]} Nxe5 (11... Bxa6 12. Nxc6) 12. Bxb7) 11... cxd4 $14 12. cxd4 (12. Nxc6 $14 Bxc6 13. cxd4) 12... Nxd4 $15 13. Ndf3 Ne6 ({Black should play} 13... Nxf3+ $1 $15 14. Qxf3 Ne4) 14. Bg3 (14. Nxf7 $1 $11 {keeps the balance.} Rxf7 15. Rxe6) 14... Rc8 $2 {[#]} (14... Ne4 $17 {stays on course. aiming for ...f5.} 15. Bb5 Bb4) 15. Bf5 $1 $16 Bd6 $2 {[#] Loses the game.} (15... Nc5 $16) 16. Nxf7 $1 $18 {[%mdl 576] Discovered Attack} Rxf7 17. Bxe6 Kf8 $2 (17... h6 18. Ne5 Bxe5) 18. Bxf7 Kxf7 19. Qe2 {Black must now prevent Qe6+.} Qd7 20. Ng5+ ({Don't play} 20. Bxd6 Qxd6 21. Ng5+ Kf8 $18) 20... Kg8 21. Bxd6 Qxd6 22. Qe6+ Qxe6 23. Rxe6 h6 24. Nf3 Rc2 25. h3 Ne4 (25... Kf7 {might work better.} 26. Ree1 Rxb2) 26. Re7 Ba6 27. Nd4 Rxb2 28. f3 Ng3 29. Ne6 Nf5 30. Rxa7 Bc4 {If Black can now play ...d4 this consolidates a bit.} 31. g4 d4 $2 (31... Ng3 32. Nxg7 d4) 32. gxf5 Bxe6 33. fxe6 {White mates.} Re2 34. e7 Kf7 35. Kf1 d3 36. Re1 d2 37. Kxe2 dxe1=Q+ 38. Kxe1 {[%mdl 4096] Endgame KR-K3P} Ke8 39. Ke2 Kf7 40. f4 Ke8 41. Kf3 Kf7 42. Ke4 g5 43. f5 h5 {[#]} 44. f6 $1 g4 (44... Kxf6 45. e8=Q) 45. hxg4 hxg4 {KR-KPP} 46. Kf4 g3 47. Kxg3 {KR-KP} b5 48. Ra8 b4 49. e8=Q+ Kxf6 50. Qe4 b3 51. Ra6+ Kf7 52. Qb7+ Ke8 53. Ra8# {Accuracy: White = 60%, Black = 26%.} 1-0

[Event "Stay Safe Play From Home 317"]
[Site "Emanuel Lasker Arena"]
[Date "2020.07.20"]
[Round "2"]
[White "NeatFox"]
[Black "Declan 1234"]
[Result "1-0"]
[WhiteElo "1793"]
[BlackElo "1263"]
[Annotator "NA RC"]
[PlyCount "45"]
[EventDate "2020.07.20"]
[EventType "swiss (blitz)"]

1. g3 {[%emt 0:00:01]} Nf6 {[%emt 0:00:07]} 2. Bg2 {[%emt 0:00:00]} g6 {[%emt 0:00:00]} 3. Nc3 {[%emt 0:00:10]} Bg7 {[%emt 0:00:00]} 4. b3 {[%emt 0:00:01]} O-O {[%emt 0:00:02]} 5. Bb2 {[%emt 0:00:00]} d5 {[%emt 0:00:04]} 6. Nf3 {[%emt 0:00:00]} c6 {[%emt 0:00:02]} 7. d3 {[%emt 0:00:03]} Bg4 {[%emt 0:00:00]} 8. O-O {[%emt 0:00:01]} Nbd7 {[%emt 0:00:01]} 9. e4 {[%emt 0:00:01]} Bxf3 {[%emt 0:00:01]} 10. Bxf3 {[%emt 0:00:01]} Ne5 {[%emt 0:00:02]} 11. exd5 {[%emt 0:00:02]} Nxf3+ {[%emt 0:00:01]} 12. Qxf3 {[%emt 0:00:01]} cxd5 {[%emt 0:00:02]} 13. Rab1 {[%emt 0:00:01]} Rb8 {[%emt 0:00:03]} 14. Rfe1 {[%emt 0:00:01]} e6 {[%emt 0:00:02]} 15. Ne2 {[%emt 0:00:02]} b6 {[%emt 0:00:04]} 16. Nf4 {[%emt 0:00:04]} Rc8 {[%emt 0:00:02]} 17. c3 {[%emt 0:00:07]} Nd7 {[%emt 0:00:08]} 18. d4 {[%emt 0:00:03]} a5 {[%emt 0:00:07]} 19. Nd3 {[%emt 0:00:01]} b5 {[%emt 0:00:03]} 20. a4 {[%emt 0:00:14]} bxa4 {[%emt 0:00:04]} 21. bxa4 {[%emt 0:00:00]} Nf6 {[%emt 0:00:04]} 22. Ba3 {[%emt 0:00:00]} Ne4 {[%emt 0:00:00]} 23. Bxf8 {[%emt 0:00:00] Zeit (Lag: Av=0.70s, max=0.8s)} 1-0

[Event "Stay Safe Play From Home 317"]
[Site "Emanuel Lasker Arena"]
[Date "2020.07.20"]
[Round "2"]
[White "Haris kollari 13"]
[Black "Klasman"]
[Result "1-0"]
[WhiteElo "1711"]
[BlackElo "1350"]
[Annotator "NA RC"]
[PlyCount "27"]
[EventDate "2020.07.20"]
[EventType "swiss (blitz)"]

1. e4 {[%emt 0:00:01]} f5 {[%emt 0:00:01]} 2. f4 {[%emt 0:00:01]} fxe4 {[%emt 0:00:02]} 3. c4 {[%emt 0:00:01]} Nf6 {[%emt 0:00:01]} 4. Nc3 {[%emt 0:00:01]} e6 {[%emt 0:00:01]} 5. Qe2 {[%emt 0:00:02]} d5 {[%emt 0:00:02]} 6. f5 {[%emt 0:00:01]} d4 {[%emt 0:00:04]} 7. Nxe4 {[%emt 0:00:02]} d3 {[%emt 0:00:09]} 8. Qe3 {[%emt 0:00:03]} Be7 {[%emt 0:00:11]} 9. fxe6 {[%emt 0:00:02]} O-O {[%emt 0:00:03]} 10. Ng5 {[%emt 0:00:04]} Nc6 {[%emt 0:00:15]} 11. Nf7 {[%emt 0:00:01]} Qd4 {[%emt 0:00:02]} 12. Qxd3 {[%emt 0:00:04]} Bc5 {[%emt 0:00:05]} 13. Qxd4 {[%emt 0:00:02]} Bxd4 {[%emt 0:00:01]} 14. Nf3 {[%emt 0:00:02] Time (Lag: Av=0.52s, max=1.0s)} 1-0

[Event "Stay Safe Play From Home 317"]
[Site "Emanuel Lasker Arena"]
[Date "2020.07.20"]
[Round "2"]
[White "Edmatuag"]
[Black "N_KRISHNA TEJA"]
[Result "0-1"]
[WhiteElo "1670"]
[BlackElo "2238"]
[Annotator "TA"]
[PlyCount "90"]
[EventDate "2020.07.20"]
[EventType "swiss (blitz)"]

{[%evp 9,90,0,0,-56,-47,-77,-32,-33,-24,-29,50,16,16,-26,9,0,0,-22,37,-8,-20,-46,-21,-50,0,0,7,7,7,7,23,23,14,10,32,-141,-141,-155,-143,-163,-164,-188,-183,-193,-184,-179,-167,-388,-382,-386,-322,-322,-322,-322,-322,-443,-364,-458,-451,-475,-429,-498,-495,-486,-480,-460,-453,-618,-589,-1512,-1464,-6310,-11574,-29986,-29987,-29987,-29988,-29991,-29992,-29992,-29993,-29993,-29993]} 1. e4 c6 2. Nf3 d5 3. e5 Bg4 4. d4 e6 5. Bd3 Ne7 6. Nc3 {[#] B10: Caro-Kann: 2 d3 and 2 c4.} (6. c3 $11) 6... Ng6 $146 ({Predecessor:} 6... Nd7 7. h3 Bh5 8. Be3 Bg6 9. Qd2 Bxd3 10. cxd3 Nf5 11. Bf4 Qb6 12. Be3 Nxe3 13. fxe3 {0-1 (58) Lobo Pereira,A (1206)-Gonzalez Moreno,A (1734) Barcelona 2017}) 7. Be3 Be7 8. h3 {Black is slightly better.} Bxf3 $1 9. Qxf3 Nd7 (9... c5 $11) 10. O-O c5 11. a4 (11. Qg3 {looks sharper.} O-O 12. f4 cxd4 13. Bxd4 Bc5 14. Qe3) 11... c4 (11... cxd4 {is more complex.} 12. Bxg6 hxg6 13. Bxd4 Rc8 14. Bxa7 Nxe5 15. Qe2 Nc6) 12. Bxg6 hxg6 13. a5 b6 ({Black should play} 13... Nb8 $11) 14. Qe2 bxa5 15. Ra4 Bb4 16. Rfa1 Nb6 {[#] White must now prevent ...Bxc3.} (16... Nb8 {feels hotter.} 17. R4a2 Nc6 18. Na4 Rc8 19. Qd1 Be7) 17. R4a2 Bxc3 18. bxc3 a4 $36 {[%mdl 2048] Black is pushing.} 19. Bc1 O-O 20. Ba3 Re8 21. Bc5 (21. g3 {with more complications.} Kh7 22. Kg2 Rh8 23. Qg4 Kg8 24. Bc5) 21... Qd7 (21... Qg5 {is interesting.} 22. g3 Qh5 23. Qg4 Nd7 24. Bd6 Nb6) 22. Bxb6 $2 (22. Qg4 $14) 22... axb6 $17 {[%cal Ba7b6,Bb6b5][%mdl 32] White is on the road to losing.} 23. Qd1 b5 24. Qb1 Ra5 25. Qb4 Rea8 26. Ra3 Qe8 27. Rb1 Qf8 28. Qc5 $2 (28. Qb2 {is a better defense.}) 28... Qxc5 $19 29. dxc5 {[%mdl 4096] Endgame KRR-KRR} Rc8 30. Ra2 Rxc5 31. Rab2 Kf8 32. Rb4 Ke7 33. Ra1 Kd7 34. Ra3 Kc6 35. f4 Kb6 36. Kf2 Rc8 37. Ke3 Kc5 38. Kd2 d4 {[%mdl 64] [#] Overworked Piece} 39. cxd4+ Kxb4 40. Rg3 c3+ 41. Kd3 a3 {Black mates.} 42. Rf3 a2 43. f5 a1=Q 44. fxe6 Qd1+ 45. Ke3 fxe6 {Accuracy: White = 42%, Black = 71%.} 0-1

[Event "Stay Safe Play From Home 317"]
[Site "Emanuel Lasker Arena"]
[Date "2020.07.20"]
[Round "3"]
[White "Tran Minh Thang"]
[Black "AChessPlayer"]
[Result "1-0"]
[WhiteElo "2491"]
[BlackElo "2433"]
[Annotator "TA"]
[PlyCount "189"]
[EventDate "2020.07.20"]
[EventType "swiss (blitz)"]

{[%evp 13,189,0,0,-19,-9,-10,-14,-15,-14,-13,-15,-17,-3,-35,-14,-31,-12,-19,-17,-71,-41,-57,-60,-58,-62,-61,-63,-63,-63,-68,-72,-152,-166,-166,-153,-153,-153,-153,-140,-152,-148,-158,-122,-162,-100,-97,-63,-91,13,18,25,20,28,15,79,79,84,66,79,73,79,29,32,0,0,0,0,0,0,0,0,0,1,0,0,-52,-72,-71,0,0,0,0,0,0,0,0,0,0,0,0,0,0,0,0,0,0,0,-5,0,0,0,0,0,0,0,0,0,0,0,0,0,0,0,0,0,0,0,0,0,0,0,0,0,0,0,0,0,0,0,0,0,0,0,0,0,0,0,0,0,-31,0,0,0,0,0,0,4610,0,0,0,0,-29988,29985,0,0,-8,29986,29987,29987,29988,29989,29988,29989,29989,29991,29990,29991,29992,29993,29992,29993,29993,29994,29995,29996,29997,29998,29997]} 1. d4 Nf6 2. Bf4 g6 3. e3 Bg7 4. Nd2 O-O 5. Ngf3 d6 6. Be2 Nbd7 7. h3 Re8 8. Nc4 {A48: 1 d4 Nf6 2 Nf3 g6: Torre, London and Colle Systems.} b6 9. c3 Bb7 10. O-O {The position is equal.} Ne4 11. Bh2 e5 12. a4 a6 13. Qc2 Qe7 14. Rfd1 {[#]} Rad8 $146 ({Predecessor:} 14... Kh8 15. Qb3 Ng5 16. Ncd2 Ne6 17. Bc4 Rad8 18. Bd5 Bc8 19. Bc6 Rf8 20. a5 Nb8 {1-0 (34) Tahan,S-Henni,M (2335) Cairo 1996}) 15. d5 f5 16. Na3 (16. a5 $11 {remains equal.}) 16... h6 17. Rac1 Nef6 18. c4 a5 19. Nb5 Nc5 20. b3 Bc8 21. Na7 Bd7 22. Nc6 ({White should try} 22. Nb5) 22... Bxc6 $1 $17 23. dxc6 Rf8 24. Ne1 Qe8 25. Nd3 Qxc6 26. Nxc5 Qxc5 27. Qc3 Qc6 28. Bf3 {[#]} Ne4 (28... e4 $1 $19 {[%cal Re4f3]} 29. Be2 Ng4) 29. Qd3 Qb7 30. Bxe4 fxe4 (30... Qxe4 $17 31. Qd5+ Kh7) 31. Qd5+ $11 Qxd5 32. cxd5 Rd7 33. Rc4 Rff7 (33... Rc8 $11 {keeps the balance.}) 34. Rxe4 Kf8 35. Rc4 Ke8 36. Rdc1 Kd8 37. e4 h5 38. f3 Bh6 39. R1c2 Be3+ 40. Kf1 Bc5 41. Bg3 g5 42. Ke2 Rg7 43. Be1 Rdf7 44. b4 (44. Bg3 $11) 44... axb4 $15 45. Bxb4 Bxb4 (45... g4 $17 {Hoping for ...gxf3+.} 46. fxg4 Bxb4 47. Rxb4 hxg4) 46. Rxb4 {[%mdl 4096] Endgame KRR-KRR} g4 47. hxg4 hxg4 48. Ke3 gxf3 49. gxf3 Rg3 50. Rf2 Rg1 51. Rbb2 Ra1 52. Ra2 Rb1 53. Rab2 Rc1 54. Rbc2 Rg1 (54... Rxc2 {is interesting.} 55. Rxc2 Rf4 56. Rh2 Ke7 57. Rh7+ Rf7) 55. Rb2 Re1+ 56. Rbe2 Rxe2+ (56... Rh1 {seems wilder.} 57. Ra2 Kc8 58. a5 bxa5 59. Rxa5 Re1+) 57. Rxe2 $11 {KR-KR} Rh7 58. Ra2 Rh1 59. a5 bxa5 60. Rxa5 Re1+ 61. Kf2 Rb1 62. Ra8+ Kd7 63. Rh8 Rb3 64. Rh7+ Kc8 65. Kg3 Kb7 66. Kg4 Re3 67. Re7 Kb6 68. Rf7 Rc3 69. Rf6 Rc4 70. Rf7 Kb5 71. Kf5 Kb4 72. Ke6 Kc3 73. f4 exf4 74. Rxf4 Kd3 75. Kd7 Rxe4 76. Rf7 Kd4 77. Kc6 Re5 78. Rf1 Ke4 79. Rd1 Kf5 $2 {[%mdl 8192]} (79... Rh5 $11) 80. Rf1+ $2 (80. Kxc7 $18 Kf6 81. Kxd6) 80... Ke4 81. Rg1 Kf4 82. Re1 $2 {[%mdl 8192] [#]} (82. Rf1+ $11 Ke4) 82... Re3 $4 {[%mdl 8192]} (82... Rxe1 {and life is good for Black.} 83. Kd7 Ke5 84. Kc6 Re3 85. Kd7 Kxd5 86. Kxc7 Kc5 87. Kd7 d5 88. Kc7 Re7+ 89. Kd8 Kd6 90. Kc8 Kc6 91. Kb8 d4 92. Ka8 Kb6 93. Kb8 Re8#) 83. Rf1+ $2 (83. Rxe3 {mates} Kxe3 84. Kxc7 Kf4 85. Kxd6 Kf5 86. Ke7 Kg6 87. Ke6 Kh6 88. d6) 83... Ke4 {Strongly threatening ...Rc3+.} 84. Rc1 Rc3+ $2 {[%mdl 8192]} (84... Rd3 $11) 85. Rxc3 {KR-KPP. White mates.} Kd4 86. Rc1 Ke5 87. Rd1 Kf5 88. Kxc7 {KR-KP} Kg6 89. Kc6 Kf6 90. Kxd6 Kf7 91. Kc7 Kg7 92. d6 Kg6 93. d7 Kg7 94. d8=Q Kh7 95. Qd6 {What a bad dream for Black. Accuracy: White = 81%, Black = 78%.} 1-0

[Event "Stay Safe Play From Home 317"]
[Site "Emanuel Lasker Arena"]
[Date "2020.07.20"]
[Round "3"]
[White "Mr bh6"]
[Black "Greblha"]
[Result "1-0"]
[WhiteElo "2354"]
[BlackElo "1915"]
[Annotator "TA"]
[PlyCount "91"]
[EventDate "2020.07.20"]
[EventType "swiss (blitz)"]

{[%evp 12,91,27,-5,19,5,37,19,20,12,22,11,33,25,20,28,67,73,75,66,76,52,75,60,77,-129,-113,-320,-310,-389,-277,-440,-435,-479,-343,-344,-279,-409,-385,-514,-503,-466,-320,-564,-508,-653,-188,-162,-63,-81,-82,-277,164,164,164,164,220,220,220,220,233,233,233,233,254,254,254,254,1740,1716,1495,1495,29964,29969,29979,29980,29977,29972,29986,29987,29998,29999]} 1. g3 c6 2. Bg2 d5 3. Nf3 Nf6 4. O-O g6 5. d3 Bg7 6. Nbd2 O-O 7. c3 Bg4 {A07: Réti Opening: New York and Capablanca Systems.} 8. Re1 {[#]} Bxf3 $146 ({Predecessor:} 8... Nbd7 9. h3 Bxf3 10. Nxf3 Qb6 11. e4 dxe4 12. dxe4 Rad8 13. Qc2 e5 14. Bg5 h6 {½-½ (29) Dos Santos,O-De Freitas,J (1873) Cuiaba 2011}) 9. Bxf3 Nbd7 {The position is equal.} 10. e4 e5 11. exd5 cxd5 12. Bg2 Re8 13. Nb3 e4 14. dxe4 dxe4 15. Bg5 Qb6 16. Be3 Qc7 17. Bd4 Rad8 18. Bxa7 $2 (18. Qc2 $16 {stays on course.}) 18... b6 $17 19. Bxb6 $2 (19. Nd4 $17) 19... Qxb6 $19 ({Don't play} 19... Nxb6 20. Qe2) 20. Qe2 Nc5 21. Nd4 (21. Nxc5 $142 Qxc5 22. a4) 21... Nd3 22. Reb1 Rxd4 23. cxd4 Qxd4 24. a4 (24. Rd1 $142) 24... e3 25. f4 Ne4 26. Rd1 Nec5 27. a5 $2 (27. Bc6 {was worth a try.} Rd8 28. a5) 27... Qxb2 28. Ra2 {[#]} Qxe2 $2 (28... Qxa2 $1 {[%mdl 512]} 29. Qxa2 e2) 29. Rxe2 Re7 {[#]} ({Black should play} 29... Nb4 $19 {aiming for ...Na4.} 30. Kf1 Kf8) 30. a6 $1 {[%mdl 512] White wants to play Bb7!} Ra7 (30... Nxa6 31. Rxd3) 31. Bb7 $2 {[#]} (31. Kf1 $17) 31... Nxb7 $4 {[%mdl 8192]} (31... Bc3 $1 $19 {and life is good for Black. Threatens to win with ...Bd2.} 32. Rc2 Bd2) 32. axb7 $18 Rxb7 {Strongly threatening ...Rb3.} 33. Rxd3 $19 {[%mdl 4096] Endgame KRR-KRB} Re7 (33... Bf8 $142 34. Rd5 Rc7) 34. Kg2 $18 Bf6 35. Rexe3 Rxe3 36. Rxe3 {KR-KB} Kg7 37. Kf3 Bd4 38. Rd3 Bf6 39. g4 h5 $2 (39... Bh4 40. Rd7 h6) 40. g5 Be7 41. Ke4 Bf8 42. f5 {White mates.} gxf5+ 43. Kxf5 Be7 44. Rd7 Bb4 45. g6 Kh6 46. Rxf7 {Accuracy: White = 51%, Black = 51%.} 1-0